LEADER 00972nam a2200205 i 4500 001 000000145399 003 CaOOAMICUS 005 20051128000000.0 008 051128s1963 it u000 u ita u 013 $a120791 040 $aSeMil$bita 245 13$aLe divergenze tra il compagno Togliatti e noi :$beditoriale del Quotidiano del Popolo (Renmin Ribao) del 31 dicembre 1962. 260 $aPechino :$bCasa Editrice in Lingue Estere,$c1963. 300 $a203 p. ;$c17 cm. 600 14$aTogliatti, Palmiro <1893-1964>.$0(OLS)http://semarc/subject/492 850 $aSeMil 852 $aSeMil$W1$xVenegono$y1$m1328 1 *$j98186$B98186$CSeMilBibl$Z2$F106337 $81 961 $aRecupero: Biblioteca Seminario Saronno 996 $6245$aLe divergenze tra il compagno Togliatti e noi :$beditoriale del Quotidiano del Popolo (Renmin Ribao) del 31 dicembre 1962$9(OLS)http://semarc/title/212661 996 $6260$aPechino :$bCasa Editrice in Lingue Estere$9(OLS)http://semarc/publisher/47668 LEADER 01133nam a2200193 i 4500 001 000000250505 003 CaOOAMICUS 005 20160808000000.0 008 160808s1703 it u000 u lat u 013 $a229410 026 $aA.r- 6.n. i-os funa (7) 1703 (R) 040 $aSeMil$bita 245 12$aA Paulo 5. rom. pont. 235. usque ad Innocentium 11. rom. p. 242. 300 $a4 p., 500 col. :$bill. 500 $aSegn. : *2 A-R4 S2 T4 V-X2 Y4 Z-2A2 2B4 2C2 2D4 2E-2I2 2K4 2L-2M2 2N4(-2N1) 2O4 2P2 2Q2(-2Q2). - Le col 193-196 erron. num. 293-296. - La c. 2M2r. num. 453-456, la c. 2M2v. num. 457-460. 773 0 $aPalazzi, Giovanni <1640-1703>$tFasti cardinalium omnium Sanctae Romanae Ecclesiae cum stemmate gentilitio cujusque cardinalis ... cum indicibus pontificum, pseudopontificum cardinalium ... auctore Io: Palatio ..$dVenetiis : Expensis Gasparis Bencardi Bibliopolae Augustani, 1701-1703.$g4$w()33265 850 $aSeMil 852 $aSeMil$W1$xVenegono$y1$m3E VIII 37 FA$j200851$B200851$CSeMilBibl$Z2$F212591 $8I 996 $6245$aA Paulo 5. rom. pont. 235. usque ad Innocentium 11. rom. p. 242$9(OLS)http://semarc/title/352714 LEADER 00633nam a2200169 i 4500 001 000000252293 003 CaOOAMICUS 005 20161220000000.0 008 161220s1896 it u000 u ita u 013 $a231198 040 $aSeMil$bita 245 10$aVol. 3. 300 $a180 p. 773 0 $aCima, Camillo$tStoria de Milan dal princippi fina al dì d'incoeu cuntada su alla bona dalla Meneghin alla Cecca.$dMilano : presso i principali librai, edicole, ecc., 1895$g3$w()5388 850 $aSeMil 852 $aSeMil$W1$xVenegono$y1$m3O I 69 FA$j202639$B202639$CSeMilBibl$Z2$F215388 $8I 996 $6245$aVol. 3$9(OLS)http://semarc/title/80712 LEADER 03662nab a2200469 i 4500 001 000000274041 003 CaOOAMICUS 005 20180831164947.0 008 180831n xx uu u0 0und r 013 $a22495 040 $aSeMil$bita 245 10$a[Luglio-Dicembre]. 500 $a1899. 773 0 $t[1899.$w()194027 774 0 $aCanevari, Enrico$tStile del Marino nell?Adone ossia analisi del secentismo.$w()311074 774 0 $aGaffuri, Cesare$tMigrazione e faune.$w()311075 774 0 $aDella Casa, Raffaele$tNote biografiche di uomini illustri di parte cattolica.$w()311076 774 0 $aTroyer, Giuseppe$tSalute e la longevità in rapporto con le leggi della mortificazione.$w()311077 774 0 $aEpiscopato Veneto,$tLettera a Sua Eccellenza il Signor Presidente del Senato del Regno sulla precedenza dell?atto civile al Matrimonio Religioso in Italia.$w()311078 774 0 $aLeo XIII $tRisposta del S. Padre all?Episcopato Veneto, a proposito della precedenza dell?atto civile al Matrimonio religioso in Italia.$w()311079 774 0 $tLettera dei Vescovi della provincia di Milwaukee (U.S.A.) al S. Padrea proposito della lettera Apostolica che condannò l?Americanismo.$w()311080 774 0 $tLettera al S. Padre dei Vescovi della provincia Ecclesiastica di Cincinnati (U.S.A.) a proposito della lettera Apostolica che condannò l?Americanismo.$w()311081 774 0 $tLettera della Regina d?Olanda a Sua Santità il Papa, per la tornata di chiusura della conferenza per la pace all?Aja.$w()311082 774 0 $aLeo XIII $tA Sua Maestà Wilhelmina Regina dei Paesi bassi. Risposta del S. Padrealla lettera della Regina per la tornata di chiusura della conferenza per la pace all?Aja, (29 maggio 1899).$w()311083 774 0 $aRuffoni, Achille Giuseppe$t??antico e il nuovo, ossia, vecchi e giovani.$w()311084 774 0 $aMaffi, Pietro $tCommemorazione di Alessandro Volta.$w()311085 774 0 $tIn occasione del I Centenario di Pio VI.$w()311086 774 0 $aRonzoni, Domenico Flavio$tConcezione artistica della Divina Commedia e le opere di S. Bonaventura.$w()311087 774 0 $aBisoni, Giovanni$tUngheri in Italia. (Studio storico-critico).$w()311088 774 0 $aRuffoni, Achille Giuseppe$tL?Inghilterra si farà Cattolica? gli sragionamenti d?un Cattolico da Burla.$w()311089 774 0 $aCasalin, Domenico$tSe e come si possa parlare di sofferenze del Cuor di Gesù nell?Eucarestia.$w()311090 774 0 $aPatroni, Giuseppe$tPapi e l?Italia.$w()311091 774 0 $aRuffoni, Achille Giuseppe$tSinodo diocesano di Tortona.$w()311092 774 0 $aCasoli, Pier Biagio <1852-1905>$t??astensione dei cattolici dalle elezioni politiche del Regno Sabaudod?Italia: 1861-1900.$w()311093 774 0 $aPietropaoli, Carlo$tNecessità del Clero di coltivare le scienze naturali. Parole nell?inaugurazione del gabinetto di fisica nel suo Seminario di Trivento.$w()311094 774 0 $aBertelli, Timoteo $tRicerche storiche: sulla pila di Volta.$w()311095 774 0 $aLeo XIII $tEnciclica «Depuis le jour» agli Arcivescovi, Vescovi e Clero di Francia, (8 sett. 1899, (trad. it.).$w()311096 774 0 $aBallerini, Giuseppe <1857-1933>$tSoprannaturale e la scienza moderna.$w()311097 774 0 $aCappellazzi, Andrea $tModernità.$w()311098 774 0 $aGiobbi, Adolfo <1897- >$tDei concordati.$w()311099 774 0 $aMattiussi, Guido $tL?evoluzione è possibile?.$w()311100 996 $6245$a[Luglio-Dicembre]$9(OLS)http://semarc/title/359356 LEADER 00464nab a2200145 i 4500 001 000000310196 003 CaOOAMICUS 005 20180831173009.0 008 180831n xx uu u0 0und r 013 $a19288 040 $aSeMil$bita 100 1 $aBertani, Felice.$0(OLS)http://semarc/name/12100 245 10$aDelle immunità ecclesiastiche. 773 0 $t[Luglio-Dicembre].$g59-69,144-156,2$w()273976 996 $6245$aDelle immunità ecclesiastiche$9(OLS)http://semarc/title/385068 LEADER 01067nas a2200229 4500 001 000000343350 003 CaOOAMICUS 005 20220527115020.0 008 201211c20209999it uu 0 0ita r 040 $aSeMil$bita 245 00$aNuovi testi patristici$h[generale di collana] /$ccollana diretta da Emanuela Prinzivalli ed Emanuele Castelli. 264 1$aRoma :$bCittà Nuova,$c2020- 300 $av. ;$c20 cm 362 0 $a1(2020)- 700 1 $aPrinzivalli, Emanuela,$d<1956- >.$0(OLS)http://semarc/name/89660 700 1 $aCastelli, Emanuele,$d<1978- >.$0(OLS)http://semarc/name/71537 830 0$aNuovi testi patristici.$0(OLS)http://semarc/title/432312 850 $aSeMil 852 $aSeMil$W1$xVenegono$y1$mVedi "Titolo uniforme di collana" per le collocazioni dei singoli volumi$j222888$qSottoscrizione aperta$B234344$CSeMilBibl$Z2$F234344 $81 996 $6245$aNuovi testi patristici$h[generale di collana]$9(OLS)http://semarc/title/436636 996 $6264$aRoma :$bCittà Nuova$9(OLS)http://semarc/publisher/29609 LEADER 01141nam a2200277 4500 001 000000349624 003 CaOOAMICUS 005 20220408114027.0 008 220315s2017 it 000 u ita r 020 $a978-88-10-57126-2 040 $aSeMil$bita 100 1 $aBaudassé, Philippe.$0(OLS)http://semarc/name/115555 240 10$aFaire vie du deuil.$0(OLS)http://semarc/title/439228 245 10$aAccompagnare il lutto :$bparole per i giorni del dolore /$cPhilippe Baudassé. 264 1$aBologna :$bEDB,$c2017. 300 $a103 p. ;$c19 cm 490 1 $aSentieri 650 4$aLutto - Meditazioni.$0(OLS)http://semarc/subject/51831 830 0$aSentieri.$0(OLS)http://semarc/title/11403 850 $aSeMil 852 $aSeMil$W1$xVenegono$y1$m2C I 733$j232401$B240675$CSeMilBibl$Z2$F240675 $81 961 $aPontiggia don Virginio - Omaggio 996 $6020$a978-88-10-57126-2$9(OLS)http://semarc/number/295397 996 $6245$aAccompagnare il lutto :$bparole per i giorni del dolore$9(OLS)http://semarc/title/439229 996 $6264$aBologna :$bEDB$9(OLS)http://semarc/publisher/29669